[Event "Sao Paulo FPX 65th"]
[Site "Sao Paulo"]
[Date "2006.10.20"]
[Round "7"]
[White "Mekhitarian, Krikor Sevag"]
[Black "Cordova, Emilio"]
[Result "1/2-1/2"]
[WhiteElo "2425"]
[BlackElo "2482"]
[PlyCount "128"]
[EventDate "2006.10.16"]
[EventType "tourn"]
[EventRounds "9"]
[EventCountry "BRA"]
[EventCategory "10"]
[SourceTitle "CBM 114 Extra"]
[Source "ChessBase"]
[SourceDate "2006.11.03"]
[SourceVersion "1"]
[SourceVersionDate "2006.11.03"]
[SourceQuality "1"]

1. e4 e6 2. d4 d5 3. Nc3 Nf6 4. Bg5 Bb4 5. e5 h6 6. Bd2 Bxc3 7. bxc3 Ne4 8. Qg4
g6 9. Qf4 c5 10. Bd3 Nxd2 11. Qxd2 Nc6 12. Nf3 g5 13. h3 Qa5 14. dxc5 Qxc5 15.
Rb1 b6 16. Bb5 Bd7 17. Bxc6 Bxc6 18. O-O Rc8 19. Rfe1 Qa5 20. Nd4 Bd7 21. Re3
Qxa2 22. Rf1 Qa3 23. f4 Qe7 24. f5 exf5 25. e6 fxe6 26. Nxf5 Qc5 27. Nd4 Ke7
28. c4 Rcf8 29. Rfe1 Rf4 30. c3 Rhf8 31. Qa2 Qxc4 32. Rxe6+ Kd8 33. Qxa7 Rf1+
34. Kh2 Qc7+ 35. Qxc7+ Kxc7 36. Rxf1 Rxf1 37. Rxh6 Rc1 38. Rh5 Rxc3 39. Rxg5
Kd6 40. h4 Rc8 41. Rg6+ Kc5 42. Nb3+ Kc4 43. Rxb6 Bg4 44. Na5+ Kc5 45. Rg6 Bd1
46. Nb7+ Kd4 47. Nd6 Rf8 48. Rg5 Bc2 49. Nb5+ Kc5 50. Nc7 Rf5 51. Ne6+ Kd6 52.
Rxf5 Bxf5 53. Nd4 Be4 54. Kg3 Ke5 55. Nf3+ Kf5 56. h5 d4 57. h6 Kg6 58. h7 Kg7
59. Ng5 Bxh7 60. Nxh7 Kxh7 61. Kf3 Kg6 62. Ke4 Kg5 63. Kxd4 Kg4 64. g3 Kxg3
1/2-1/2

[Event "Sao Paulo FPX 65th"]
[Site "Sao Paulo"]
[Date "2006.10.21"]
[Round "8"]
[White "Milos, Gilberto"]
[Black "Mekhitarian, Krikor Sevag"]
[Result "1-0"]
[WhiteElo "2563"]
[BlackElo "2425"]
[PlyCount "71"]
[EventDate "2006.10.16"]
[EventType "tourn"]
[EventRounds "9"]
[EventCountry "BRA"]
[EventCategory "10"]
[SourceTitle "CBM 114 Extra"]
[Source "ChessBase"]
[SourceDate "2006.11.03"]
[SourceVersion "1"]
[SourceVersionDate "2006.11.03"]
[SourceQuality "1"]

1. d4 Nf6 2. Nf3 e6 3. c4 b6 4. g3 Ba6 5. Nbd2 Bb7 6. Bg2 c5 7. e4 cxd4 8. O-O
d6 9. Nxd4 Qc8 10. a4 Nc6 11. Nxc6 Bxc6 12. b4 a5 13. b5 Bb7 14. c5 Qxc5 15.
Bb2 d5 16. Rc1 Qe7 17. Bxf6 gxf6 18. exd5 Rd8 19. Nc4 Bxd5 20. Bxd5 Rxd5 21.
Qf3 Qd8 22. Ne3 Rd7 23. Rfd1 Bc5 24. Rxd7 Qxd7 25. Rd1 Qc8 26. Qxf6 Rg8 27. Nc4
Be7 28. Qf3 Kf8 29. Nxb6 Qc2 30. Nd7+ Kg7 31. Qg4+ Kh8 32. Qd4+ f6 33. b6 e5
34. Qd5 Rd8 35. b7 Bc5 36. b8=R 1-0

[Event "Sao Paulo zt 2.4"]
[Site "Sao Paulo"]
[Date "2007.06.17"]
[Round "2"]
[White "Matsuura, Everaldo"]
[Black "Mekhitarian, Krikor Sevag"]
[Result "1-0"]
[WhiteElo "2502"]
[BlackElo "2416"]
[PlyCount "105"]
[EventDate "2007.06.16"]
[EventType "tourn"]
[EventRounds "9"]
[EventCountry "BRA"]
[EventCategory "10"]
[SourceTitle "CBM 118 Extra"]
[Source "ChessBase"]
[SourceDate "2007.07.04"]
[SourceVersion "1"]
[SourceVersionDate "2007.07.04"]
[SourceQuality "1"]

1. e4 c5 2. Nf3 d6 3. d4 cxd4 4. Nxd4 Nf6 5. Nc3 Nc6 6. Bg5 e6 7. Qd2 a6 8.
O-O-O Bd7 9. f3 Be7 10. Be3 b5 11. g4 h6 12. h4 Nxd4 13. Qxd4 Rb8 14. Bh3 b4
15. Ne2 e5 16. Qd2 Qa5 17. Kb1 Be6 18. Nc1 Nd7 19. g5 h5 20. g6 Nf6 21. Rdg1
Rg8 22. Rg5 Qc7 23. Qg2 Kf8 24. Rg1 Bxh3 25. Qxh3 Rc8 26. Qg2 fxg6 27. Rxg6 Ne8
28. Nd3 a5 29. f4 Bf6 30. fxe5 dxe5 31. Bc5+ Qxc5 32. Nxc5 Rxc5 33. Rd1 Ke7 34.
Qf2 Rc7 35. Qb6 Kf7 36. Rg2 Re7 37. Qxa5 Nc7 38. Qxb4 Ne6 39. Rh2 Rc8 40. Rd6
Nf4 41. Qb3+ Kg6 42. a4 Kh7 43. a5 Ra7 44. Qb6 Rca8 45. a6 Bd8 46. Qb5 Bc7 47.
Rc6 Rd8 48. b4 Rd4 49. Qc5 Bb8 50. Qb6 Ra8 51. Qb7 Ba7 52. Qxa8 Rxb4+ 53. Ka2
1-0

[Event "Sao Paulo zt 2.4"]
[Site "Sao Paulo"]
[Date "2007.06.17"]
[Round "3"]
[White "Mekhitarian, Krikor Sevag"]
[Black "Zambrana, Oswaldo"]
[Result "1/2-1/2"]
[WhiteElo "2416"]
[BlackElo "2495"]
[PlyCount "75"]
[EventDate "2007.06.16"]
[EventType "tourn"]
[EventRounds "9"]
[EventCountry "BRA"]
[EventCategory "10"]
[SourceTitle "CBM 118 Extra"]
[Source "ChessBase"]
[SourceDate "2007.07.04"]
[SourceVersion "1"]
[SourceVersionDate "2007.07.04"]
[SourceQuality "1"]

1. e4 c5 2. Nf3 d6 3. d4 cxd4 4. Nxd4 Nf6 5. Nc3 a6 6. Be3 e6 7. f3 b5 8. Qd2
b4 9. Na4 Nbd7 10. c4 bxc3 11. Nxc3 Bb7 12. Be2 Be7 13. O-O O-O 14. Rfc1 Qb8
15. b4 Ne5 16. Rab1 Rc8 17. Nb3 d5 18. exd5 Nxd5 19. Nxd5 Rxc1+ 20. Rxc1 Bxd5
21. Nc5 Bd6 22. Nxa6 Qd8 23. f4 Ng4 24. a4 Nxe3 25. Qxe3 Qf6 26. g3 g5 27. Qc3
Qf5 28. Qd3 Qf6 29. Qc3 Qh6 30. Bf3 Rxa6 31. Qc8+ Bf8 32. Qxa6 Bxf3 33. Rc8 Qh3
34. Rxf8+ Kxf8 35. Qc8+ Ke7 36. Qc7+ Ke8 37. Qc8+ Ke7 38. Qc7+ 1/2-1/2

[Event "Sao Paulo zt 2.4"]
[Site "Sao Paulo"]
[Date "2007.06.18"]
[Round "4"]
[White "Vescovi, Giovanni P"]
[Black "Mekhitarian, Krikor Sevag"]
[Result "1-0"]
[WhiteElo "2609"]
[BlackElo "2416"]
[PlyCount "169"]
[EventDate "2007.06.16"]
[EventType "tourn"]
[EventRounds "9"]
[EventCountry "BRA"]
[EventCategory "10"]
[SourceTitle "CBM 118 Extra"]
[Source "ChessBase"]
[SourceDate "2007.07.04"]
[SourceVersion "1"]
[SourceVersionDate "2007.07.04"]
[SourceQuality "1"]

1. d4 Nf6 2. Nf3 e6 3. c4 b6 4. Nc3 Bb4 5. Bg5 Bb7 6. e3 h6 7. Bh4 g5 8. Bg3
Ne4 9. Qc2 f5 10. Bd3 Bxc3+ 11. bxc3 d6 12. d5 Nd7 13. dxe6 Ndc5 14. Nd4 Qf6
15. f3 Nxd3+ 16. Qxd3 Nc5 17. Qxf5 Qxf5 18. Nxf5 Nxe6 19. e4 O-O-O 20. Ne3 h5
21. h3 Rhg8 22. Rd1 Rdf8 23. O-O Rg7 24. Rfe1 Ba6 25. Rd5 h4 26. Bh2 Bb7 27.
Rf5 Rgf7 28. Rd1 Rxf5 29. Nxf5 Ba6 30. Ne3 Bb7 31. Ng4 Ba6 32. e5 Bxc4 33. exd6
cxd6 34. Ne3 d5 35. Nxd5 Rd8 36. Ne7+ Kb7 37. Rxd8 Nxd8 38. a3 Ne6 39. Be5 Bd3
40. Kf2 a5 41. Ke3 Bf1 42. Kf2 Bd3 43. Ke1 b5 44. Bd6 Kb6 45. Kf2 Nd8 46. Nd5+
Kc6 47. Be7 Nf7 48. Nf6 Bc2 49. Ke3 Bb1 50. f4 Nh6 51. Bd8 Nf5+ 52. Kf3 gxf4
53. Kxf4 a4 54. Ng4 Ng3 55. Ba5 Nf5 56. Ne3 Nxe3 57. Kxe3 Kd5 58. Bd8 Be4 59.
Kf2 Kc4 60. Bxh4 Kxc3 61. g4 Kd4 62. Bf6+ Kd5 63. Ke3 Bg2 64. h4 Ke6 65. Bc3
Bh3 66. Kf3 Kf7 67. h5 Bf1 68. Ke3 Bh3 69. g5 Bf5 70. Bd4 Bc2 71. Kf4 Bd3 72.
Bb2 Bc2 73. Ke3 Bb1 74. Kf4 Bc2 75. Bd4 Bb1 76. Ke5 Bc2 77. Kd6 Bb1 78. Be5 Bd3
79. Bb2 Bc2 80. Be5 Bd3 81. Kd5 Bc2 82. Kc5 Ke6 83. Bf6 Bd3 84. Kd4 Be2 85. h6
1-0

[Event "Sao Paulo zt 2.4"]
[Site "Sao Paulo"]
[Date "2007.06.19"]
[Round "5"]
[White "Mekhitarian, Krikor Sevag"]
[Black "Nina, Miguel Angel"]
[Result "1-0"]
[WhiteElo "2416"]
[BlackElo "2312"]
[PlyCount "101"]
[EventDate "2007.06.16"]
[EventType "tourn"]
[EventRounds "9"]
[EventCountry "BRA"]
[EventCategory "10"]
[SourceTitle "CBM 118 Extra"]
[Source "ChessBase"]
[SourceDate "2007.07.04"]
[SourceVersion "1"]
[SourceVersionDate "2007.07.04"]
[SourceQuality "1"]

1. e4 e5 2. Nf3 Nc6 3. Bb5 a6 4. Ba4 Nf6 5. O-O Be7 6. Re1 b5 7. Bb3 d6 8. c3
O-O 9. h3 Na5 10. Bc2 c5 11. d4 Nd7 12. Nbd2 cxd4 13. cxd4 Nc6 14. Nb3 Nb4 15.
Bb1 a5 16. Bd2 Nc6 17. Bd3 b4 18. d5 Ncb8 19. a3 Ba6 20. Qe2 bxa3 21. Bxa5 Bxd3
22. Bxd8 Bxe2 23. Bxe7 Re8 24. Bxd6 Bxf3 25. gxf3 a2 26. Nc1 Nb6 27. Rxa2 Rxa2
28. Nxa2 Nc4 29. Bxb8 Rxb8 30. b4 f5 31. Kg2 Rb6 32. Rc1 Rg6+ 33. Kf1 Nd2+ 34.
Ke2 Nb3 35. Rc8+ Kf7 36. Rc7+ Kf8 37. Nc3 Nd4+ 38. Kd3 f4 39. b5 Ke8 40. Kc4
Kd8 41. Rc6 Rg2 42. b6 Rxf2 43. b7 Nxc6 44. dxc6 Kc7 45. Nd5+ Kb8 46. Nb4 Ka7
47. Na6 Rb2 48. b8=Q+ Rxb8 49. Nxb8 Kxb8 50. Kd5 Kc7 51. h4 1-0

[Event "Sao Paulo zt 2.4"]
[Site "Sao Paulo"]
[Date "2007.06.19"]
[Round "6"]
[White "Sunye Neto, Jaime"]
[Black "Mekhitarian, Krikor Sevag"]
[Result "1/2-1/2"]
[WhiteElo "2486"]
[BlackElo "2416"]
[PlyCount "80"]
[EventDate "2007.06.16"]
[EventType "tourn"]
[EventRounds "9"]
[EventCountry "BRA"]
[EventCategory "10"]
[SourceTitle "CBM 118 Extra"]
[Source "ChessBase"]
[SourceDate "2007.07.04"]
[SourceVersion "1"]
[SourceVersionDate "2007.07.04"]
[SourceQuality "1"]

1. c4 c5 2. Nc3 Nc6 3. Nf3 e5 4. g3 g6 5. Bg2 Bg7 6. O-O d6 7. a3 a5 8. d3 Nge7
9. Rb1 O-O 10. Bd2 Rb8 11. Qc1 f6 12. Nb5 Be6 13. e4 a4 14. Qd1 Ra8 15. Nc3 Qa5
16. Nd5 Qd8 17. Nc3 Qa5 18. h3 Bf7 19. Nh2 Nd4 20. Ng4 Be6 21. Ne3 Nb3 22. Be1
Qc7 23. Nb5 Qc6 24. Nd5 Bxd5 25. exd5 Qd7 26. h4 f5 27. Bh3 Nxd5 28. Bg2 Nf6
29. Nc3 Kh8 30. Bd2 Rae8 31. Bg5 b6 32. Bxf6 Bxf6 33. Kh2 Kg7 34. Qe2 h5 35.
Rbe1 Rh8 36. Rh1 Bd8 37. Qf3 Nd4 38. Qd1 Nb3 39. Qf3 Nd4 40. Qd1 Nb3 1/2-1/2

[Event "Sao Paulo zt 2.4"]
[Site "Sao Paulo"]
[Date "2007.06.20"]
[Round "7"]
[White "Mekhitarian, Krikor Sevag"]
[Black "Fier, Alexandr"]
[Result "0-1"]
[WhiteElo "2416"]
[BlackElo "2499"]
[PlyCount "68"]
[EventDate "2007.06.16"]
[EventType "tourn"]
[EventRounds "9"]
[EventCountry "BRA"]
[EventCategory "10"]
[SourceTitle "CBM 118 Extra"]
[Source "ChessBase"]
[SourceDate "2007.07.04"]
[SourceVersion "1"]
[SourceVersionDate "2007.07.04"]
[SourceQuality "1"]

1. d4 Nf6 2. c4 e6 3. Nf3 c5 4. d5 b5 5. dxe6 fxe6 6. cxb5 a6 7. bxa6 d5 8. g3
Bd6 9. Bg2 O-O 10. O-O Bxa6 11. b3 Nc6 12. Bb2 Qe8 13. Re1 Rd8 14. Nbd2 Ng4 15.
Nf1 Qg6 16. Rc1 c4 17. h3 Nxf2 18. Kxf2 Bc5+ 19. e3 d4 20. Qc2 dxe3+ 21. Nxe3
Rd3 22. bxc4 Nb4 23. Qb1 Bb7 24. Be5 Qe4 25. Bf4 e5 26. Nd4 Qxd4 27. Bxb7 exf4
28. Kg2 fxe3 29. Re2 Rf2+ 30. Rxf2 exf2 31. Bd5+ Nxd5 32. cxd5 Qxd5+ 33. Kh2
f1=N+ 34. Rxf1 Rd2+ 0-1

[Event "Sao Paulo zt 2.4"]
[Site "Sao Paulo"]
[Date "2007.06.21"]
[Round "8"]
[White "Milos, Gilberto"]
[Black "Mekhitarian, Krikor Sevag"]
[Result "1-0"]
[WhiteElo "2579"]
[BlackElo "2416"]
[PlyCount "93"]
[EventDate "2007.06.16"]
[EventType "tourn"]
[EventRounds "9"]
[EventCountry "BRA"]
[EventCategory "10"]
[SourceTitle "CBM 118 Extra"]
[Source "ChessBase"]
[SourceDate "2007.07.04"]
[SourceVersion "1"]
[SourceVersionDate "2007.07.04"]
[SourceQuality "1"]

1. d4 Nf6 2. Nf3 e6 3. c4 b6 4. g3 Ba6 5. Nbd2 d5 6. cxd5 exd5 7. Ne5 Bd6 8.
Bg2 O-O 9. O-O Qe8 10. Ndf3 Nbd7 11. Bf4 Nh5 12. Be3 Nhf6 13. Nd3 Qe7 14. Rc1
Rfe8 15. Qa4 Bc4 16. Rfe1 a5 17. Bh3 h6 18. Nh4 Qd8 19. Nf5 Bf8 20. Bf4 Ra7 21.
Ne5 Nxe5 22. dxe5 Nh5 23. Red1 Nxf4 24. gxf4 Bxe2 25. Rxd5 Qxd5 26. Qxe8 c5 27.
Ne3 Qe4 28. Re1 Re7 29. Qc8 Qg6+ 30. Bg2 Qd3 31. Bd5 Qd2 32. Rb1 Qd3 33. Rc1
Qg6+ 34. Kh1 Bd3 35. Rg1 Qh5 36. Ng4 Bg6 37. f5 Rc7 38. Qxc7 Qxf5 39. Nxh6+
gxh6 40. Qxf7+ Qxf7 41. Rxg6+ Bg7 42. Bxf7+ Kxf7 43. Rxb6 Bxe5 44. b3 Bd4 45.
Rxh6 Bxf2 46. Kg2 Bd4 47. Kf3 1-0

[Event "Sao Paulo zt 2.4"]
[Site "Sao Paulo"]
[Date "2007.06.22"]
[Round "9"]
[White "Mekhitarian, Krikor Sevag"]
[Black "Leitao, Rafael Duailibe"]
[Result "0-1"]
[WhiteElo "2416"]
[BlackElo "2603"]
[PlyCount "54"]
[EventDate "2007.06.16"]
[EventType "tourn"]
[EventRounds "9"]
[EventCountry "BRA"]
[EventCategory "10"]
[SourceTitle "CBM 118 Extra"]
[Source "ChessBase"]
[SourceDate "2007.07.04"]
[SourceVersion "1"]
[SourceVersionDate "2007.07.04"]
[SourceQuality "1"]

1. d4 Nf6 2. c4 e6 3. Nf3 b6 4. g3 Ba6 5. Qc2 Bb7 6. Bg2 c5 7. d5 exd5 8. cxd5
Bxd5 9. Nc3 Bb7 10. Bf4 Nh5 11. O-O-O Nxf4 12. gxf4 Be7 13. Nd5 Nc6 14. Kb1 Rc8
15. Ne5 d6 16. Nxc6 Bxc6 17. h4 O-O 18. Be4 h6 19. Rhg1 Bf6 20. Bf3 Bxd5 21.
Rxd5 c4 22. Qf5 c3 23. Be4 Re8 24. b3 Kf8 25. e3 g6 26. Qh3 c2+ 27. Bxc2 Qc7
0-1

[Event "Sao Paulo Paulista-ch"]
[Site "Sao Paulo"]
[Date "2007.06.28"]
[Round "1"]
[White "Mekhitarian, Krikor Sevag"]
[Black "Cata Preta, Adriano Roberto"]
[Result "1-0"]
[WhiteElo "2416"]
[BlackElo "1906"]
[PlyCount "49"]
[EventDate "2007.06.28"]
[EventType "swiss"]
[EventRounds "7"]
[EventCountry "BRA"]
[SourceTitle "CBM 119 Extra"]
[Source "ChessBase"]
[SourceDate "2007.09.04"]
[SourceVersion "1"]
[SourceVersionDate "2007.09.04"]
[SourceQuality "1"]

1. Nf3 Nf6 2. c4 c5 3. Nc3 Nc6 4. g3 g6 5. Bg2 Bg7 6. O-O O-O 7. d4 cxd4 8.
Nxd4 Nxd4 9. Qxd4 a6 10. Qd3 d6 11. Rd1 Rb8 12. e4 Bd7 13. c5 Ne8 14. Bf4 Bc6
15. e5 Bxg2 16. Kxg2 Rc8 17. cxd6 exd6 18. exd6 Qd7 19. Kg1 Nf6 20. Rac1 Rfd8
21. Nd5 Nxd5 22. Qxd5 Rxc1 23. Rxc1 Bf6 24. Rc7 Qb5 25. Qxf7+ 1-0

[Event "Sao Paulo Paulista-ch"]
[Site "Sao Paulo"]
[Date "2007.06.29"]
[Round "2"]
[White "Campos, Alexandre Ferreira"]
[Black "Mekhitarian, Krikor Sevag"]
[Result "1-0"]
[WhiteElo "2114"]
[BlackElo "2416"]
[PlyCount "53"]
[EventDate "2007.06.28"]
[EventType "swiss"]
[EventRounds "7"]
[EventCountry "BRA"]
[SourceTitle "CBM 119 Extra"]
[Source "ChessBase"]
[SourceDate "2007.09.04"]
[SourceVersion "1"]
[SourceVersionDate "2007.09.04"]
[SourceQuality "1"]

1. c4 Nf6 2. Nc3 e5 3. Nf3 Nc6 4. e4 Bc5 5. Nxe5 O-O 6. Nd3 Bd4 7. Be2 Re8 8.
Bf3 Nxe4 9. O-O Ng5 10. Ne1 d6 11. Bxc6 bxc6 12. d3 Qf6 13. Bxg5 Qxg5 14. Nf3
Qf6 15. Ne4 Rxe4 16. dxe4 Bxb2 17. Rb1 Ba3 18. Qa4 Be6 19. Qxa3 Bxc4 20. Rfe1
h6 21. Rb7 Re8 22. Qxa7 Kh7 23. Rxc7 d5 24. Rxf7 Qg6 25. Qd7 dxe4 26. Qxe8 exf3
27. Rxf3 1-0

[Event "Sao Paulo Paulista-ch"]
[Site "Sao Paulo"]
[Date "2007.06.29"]
[Round "3"]
[White "De Oliveira, Francemir Barra"]
[Black "Mekhitarian, Krikor Sevag"]
[Result "0-1"]
[WhiteElo "1903"]
[BlackElo "2416"]
[PlyCount "66"]
[EventDate "2007.06.28"]
[EventType "swiss"]
[EventRounds "7"]
[EventCountry "BRA"]
[SourceTitle "CBM 119 Extra"]
[Source "ChessBase"]
[SourceDate "2007.09.04"]
[SourceVersion "1"]
[SourceVersionDate "2007.09.04"]
[SourceQuality "1"]

1. e4 d6 2. d4 Nf6 3. Nd2 g6 4. Be2 Bg7 5. Ngf3 O-O 6. O-O Nc6 7. c3 e5 8. d5
Ne7 9. Ng5 h6 10. Ngf3 Nh5 11. g3 f5 12. Nh4 Nf6 13. f3 g5 14. Ng2 h5 15. f4
exf4 16. gxf4 g4 17. Bd3 fxe4 18. Nxe4 Nxe4 19. Bxe4 Bf5 20. Qd3 Qd7 21. Bd2
Bxe4 22. Qxe4 Nf5 23. Rae1 c6 24. Qd3 Rae8 25. Ne3 Nxe3 26. Bxe3 Qf5 27. Qxf5
Rxf5 28. dxc6 bxc6 29. Bd2 Rxe1 30. Rxe1 Ra5 31. a3 Rb5 32. b4 Rd5 33. Bc1 Bxc3
0-1

[Event "Sao Paulo Paulista-ch"]
[Site "Sao Paulo"]
[Date "2007.06.30"]
[Round "4"]
[White "Mekhitarian, Krikor Sevag"]
[Black "Veloso, Perseu Felipe Simoe"]
[Result "1-0"]
[WhiteElo "2416"]
[BlackElo "1999"]
[PlyCount "77"]
[EventDate "2007.06.28"]
[EventType "swiss"]
[EventRounds "7"]
[EventCountry "BRA"]
[SourceTitle "CBM 119 Extra"]
[Source "ChessBase"]
[SourceDate "2007.09.04"]
[SourceVersion "1"]
[SourceVersionDate "2007.09.04"]
[SourceQuality "1"]

1. d4 d5 2. c4 e6 3. Nc3 Nf6 4. Nf3 Be7 5. Bf4 O-O 6. e3 a6 7. Qc2 c5 8. dxc5
Bxc5 9. Rd1 Qa5 10. a3 Nc6 11. cxd5 Nxd5 12. Bd3 f5 13. O-O Nxc3 14. bxc3 Re8
15. e4 h6 16. Rfe1 Rf8 17. exf5 exf5 18. a4 Ra7 19. h4 b5 20. axb5 axb5 21.
Qb3+ Kh7 22. Qxb5 Qxb5 23. Bxb5 Nd8 24. c4 Ra2 25. Be3 Bb4 26. Bd2 Bxd2 27.
Rxd2 Rxd2 28. Nxd2 Nb7 29. Nb3 Nd6 30. Nd4 Bb7 31. c5 Nxb5 32. Nxb5 Kg6 33. Re7
Bd5 34. Rd7 Be4 35. f3 Bc2 36. c6 Ba4 37. c7 Re8 38. Rd6+ Kf7 39. Na7 1-0

[Event "Sao Paulo Paulista-ch"]
[Site "Sao Paulo"]
[Date "2007.06.30"]
[Round "5"]
[White "Mekhitarian, Krikor Sevag"]
[Black "Schutt, Ricardo de Amorim"]
[Result "1-0"]
[WhiteElo "2416"]
[BlackElo "2153"]
[PlyCount "105"]
[EventDate "2007.06.28"]
[EventType "swiss"]
[EventRounds "7"]
[EventCountry "BRA"]
[SourceTitle "CBM 119 Extra"]
[Source "ChessBase"]
[SourceDate "2007.09.04"]
[SourceVersion "1"]
[SourceVersionDate "2007.09.04"]
[SourceQuality "1"]

1. d4 e6 2. c4 Nf6 3. Nf3 Bb4+ 4. Bd2 Qe7 5. g3 b6 6. Bg2 Bb7 7. O-O Bxd2 8.
Qxd2 d6 9. Nc3 Ne4 10. Nxe4 Bxe4 11. Qf4 Bb7 12. e4 Nd7 13. d5 O-O 14. Rfe1 e5
15. Qe3 a5 16. Rac1 Nc5 17. Nh4 Bc8 18. b3 Bd7 19. a3 h6 20. b4 Nb7 21. Nf5
Bxf5 22. exf5 Qg5 23. Qd3 axb4 24. axb4 Ra4 25. Rb1 Rfa8 26. Be4 Ra3 27. Qe2
Ra2 28. Rb2 Ra1 29. h4 Qf6 30. Kg2 Rxe1 31. Qxe1 g6 32. fxg6 fxg6 33. Qb1 g5
34. h5 Ra3 35. Rc2 Nd8 36. Qb2 Ra4 37. Qb3 Ra1 38. Qc3 Rd1 39. Ra2 Rd4 40. Qc2
g4 41. Ra8 Qg5 42. Rc8 Kf8 43. Bg6 Rd2 44. Qf5+ Qxf5 45. Bxf5 Ke7 46. Rxc7+ Kf6
47. Bg6 e4 48. Kf1 Ra2 49. Rd7 Ra8 50. Rxd6+ Ke5 51. Rxb6 Kd4 52. Rf6 e3 53.
Rf4+ 1-0

[Event "Sao Paulo Paulista-ch"]
[Site "Sao Paulo"]
[Date "2007.07.01"]
[Round "6"]
[White "Limberg, Estacio Vermelho"]
[Black "Mekhitarian, Krikor Sevag"]
[Result "0-1"]
[WhiteElo "2255"]
[BlackElo "2416"]
[PlyCount "34"]
[EventDate "2007.06.28"]
[EventType "swiss"]
[EventRounds "7"]
[EventCountry "BRA"]
[SourceTitle "CBM 119 Extra"]
[Source "ChessBase"]
[SourceDate "2007.09.04"]
[SourceVersion "1"]
[SourceVersionDate "2007.09.04"]
[SourceQuality "1"]

1. d4 Nf6 2. Bg5 e6 3. Nd2 c5 4. e3 cxd4 5. exd4 Be7 6. Ngf3 b6 7. Bd3 Bb7 8.
c3 d6 9. Qa4+ Nbd7 10. Ba6 Qc8 11. Bxb7 Qxb7 12. O-O O-O 13. Qb3 h6 14. Bh4
Rfe8 15. h3 Bf8 16. Rfe1 a6 17. a4 b5 0-1

[Event "Sao Paulo Paulista-ch"]
[Site "Sao Paulo"]
[Date "2007.07.01"]
[Round "7"]
[White "Mekhitarian, Krikor Sevag"]
[Black "El Debs, Felipe de Cresce"]
[Result "1-0"]
[WhiteElo "2416"]
[BlackElo "2393"]
[PlyCount "57"]
[EventDate "2007.06.28"]
[EventType "swiss"]
[EventRounds "7"]
[EventCountry "BRA"]
[SourceTitle "CBM 119 Extra"]
[Source "ChessBase"]
[SourceDate "2007.09.04"]
[SourceVersion "1"]
[SourceVersionDate "2007.09.04"]
[SourceQuality "1"]

1. d4 d5 2. c4 c6 3. Nc3 Nf6 4. Nf3 e6 5. Bg5 h6 6. Bh4 dxc4 7. e4 g5 8. Bg3 b5
9. Be2 Bb7 10. O-O Nbd7 11. Ne5 Bg7 12. Nxd7 Nxd7 13. Bd6 a6 14. d5 exd5 15.
exd5 Bxc3 16. Bf3 cxd5 17. bxc3 Nf6 18. Re1+ Ne4 19. Rxe4+ dxe4 20. Qd4 f6 21.
Bh5+ Kd7 22. Bg4+ Ke8 23. Bh5+ Kd7 24. Rd1 Ke6 25. Qc5 Rc8 26. Bg4+ Kf7 27. Qf5
Kg7 28. Bh5 Rh7 29. Bf8+ 1-0

[Event "American Continental 4th"]
[Site "Cali"]
[Date "2007.07.10"]
[Round "1"]
[White "Bibiloni, Jorge Jaime"]
[Black "Mekhitarian, Krikor Sevag"]
[Result "0-1"]
[WhiteElo "2145"]
[BlackElo "2420"]
[PlyCount "100"]
[EventDate "2007.07.10"]
[EventType "swiss"]
[EventRounds "11"]
[EventCountry "COL"]
[SourceTitle "CBM 119 Extra"]
[Source "ChessBase"]
[SourceDate "2007.09.04"]
[SourceVersion "1"]
[SourceVersionDate "2007.09.04"]
[SourceQuality "1"]

1. e4 c5 2. d3 Nc6 3. g3 g6 4. Bg2 Bg7 5. f4 d6 6. Nf3 Rb8 7. O-O Bg4 8. h3
Bxf3 9. Qxf3 Nf6 10. c3 O-O 11. Be3 Nd7 12. Nd2 Qc7 13. Rac1 Qa5 14. a3 Qb5 15.
Nc4 Nb6 16. Nxb6 axb6 17. Rf2 Qb3 18. Bf1 f5 19. Qd1 Qf7 20. Bg2 fxe4 21. dxe4
Kh8 22. Qd3 e6 23. Rd1 Rbd8 24. Qb5 Qc7 25. h4 Ne7 26. Rfd2 e5 27. Qb3 Bh6 28.
Qe6 Nc8 29. Rd3 Rde8 30. Qg4 Qf7 31. Rf1 Qe7 32. Bc1 b5 33. h5 exf4 34. hxg6
Rg8 35. Bxf4 Rxg6 36. Qe2 Bxf4 37. Rxf4 Nb6 38. Rdf3 Nc4 39. Rf7 Qg5 40. Rxb7
Ne5 41. Rf5 Qxg3 42. Rh5 h6 43. Qf2 Qg4 44. Rf5 Reg8 45. Kh1 Qxg2+ 46. Qxg2
Rxg2 47. Rxb5 Rg1+ 48. Kh2 R8g2+ 49. Kh3 Rg3+ 50. Kh2 Ng4# 0-1

[Event "American Continental 4th"]
[Site "Cali"]
[Date "2007.07.11"]
[Round "2"]
[White "Mekhitarian, Krikor Sevag"]
[Black "Barros Lizcano, Raul"]
[Result "1-0"]
[WhiteElo "2420"]
[BlackElo "2056"]
[PlyCount "57"]
[EventDate "2007.07.10"]
[EventType "swiss"]
[EventRounds "11"]
[EventCountry "COL"]
[SourceTitle "CBM 119 Extra"]
[Source "ChessBase"]
[SourceDate "2007.09.04"]
[SourceVersion "1"]
[SourceVersionDate "2007.09.04"]
[SourceQuality "1"]

1. e4 c5 2. Nf3 e6 3. d4 cxd4 4. Nxd4 Nf6 5. Nc3 d6 6. g4 Be7 7. g5 Nfd7 8. h4
Nc6 9. Be3 Qc7 10. Qh5 Nd8 11. O-O-O a6 12. f4 b5 13. f5 g6 14. Qg4 Ne5 15. Qg3
b4 16. Nce2 Bb7 17. Bg2 Rc8 18. Kb1 Nc4 19. f6 Bf8 20. Rc1 Nxe3 21. Qxe3 h5 22.
c3 bxc3 23. Nxc3 Qa5 24. Nd5 Nc6 25. Qb3 Nd8 26. Rxc8 Bxc8 27. Qc2 Bb7 28. b4
Qa3 29. Rh3 1-0

[Event "American Continental 4th"]
[Site "Cali"]
[Date "2007.07.18"]
[Round "9"]
[White "Mesias Rojas, Rabindranath"]
[Black "Mekhitarian, Krikor Sevag"]
[Result "1/2-1/2"]
[WhiteElo "2232"]
[BlackElo "2420"]
[PlyCount "154"]
[EventDate "2007.07.10"]
[EventType "swiss"]
[EventRounds "11"]
[EventCountry "COL"]
[SourceTitle "CBM 119 Extra"]
[Source "ChessBase"]
[SourceDate "2007.09.04"]
[SourceVersion "1"]
[SourceVersionDate "2007.09.04"]
[SourceQuality "1"]

1. e4 c5 2. Nf3 d6 3. Bc4 Nc6 4. c3 Nf6 5. d3 Rb8 6. Nbd2 Bg4 7. h3 Bh5 8. Nf1
e6 9. Ng3 Bg6 10. O-O Be7 11. Re1 O-O 12. Bb3 d5 13. Bf4 Rc8 14. Nh4 Re8 15.
Nxg6 hxg6 16. Qf3 dxe4 17. dxe4 Nd7 18. Rad1 Nde5 19. Qe2 Qc7 20. Nf1 Qa5 21.
Bg3 g5 22. Ne3 b5 23. a3 c4 24. Bc2 Rcd8 25. Ng4 Qc7 26. Nxe5 Nxe5 27. Rd4 Bf6
28. Red1 Rc8 29. Bh2 Qc5 30. R4d2 a6 31. Kf1 Bd8 32. h4 gxh4 33. f4 Ng6 34. e5
Bb6 35. Rd4 Ne7 36. Qh5 g6 37. Qxh4 Nd5 38. Bg1 Qc7 39. Re4 Bxg1 40. Kxg1 Kg7
41. Re2 Rh8 42. Qg3 Rh5 43. Be4 Rch8 44. Kf2 Qc5+ 45. Kf3 Rh1 46. Rd4 Rf1+ 47.
Rf2 Rd1 48. Bxd5 Rxd4 49. cxd4 Qxd5+ 50. Ke3 Rh1 51. Rd2 Rc1 52. Qf3 Qxf3+ 53.
Kxf3 c3 54. bxc3 Rxc3+ 55. Ke4 Rxa3 56. g4 Kf8 57. f5 gxf5+ 58. gxf5 exf5+ 59.
Kxf5 Rc3 60. Ra2 Rc6 61. d5 Rb6 62. d6 b4 63. Kf6 Ke8 64. Rh2 Kd7 65. Kxf7 Rb5
66. Kf6 b3 67. Rd2 b2 68. e6+ Kc6 69. d7 b1=Q 70. d8=Q Qf5+ 71. Ke7 Qh7+ 72.
Ke8 Qh5+ 73. Ke7 Rb7+ 74. Rd7 Qg5+ 75. Ke8 Qg6+ 76. Ke7 Qg5+ 77. Ke8 Qg8+
1/2-1/2